| 000 | 00000nam##2200000za#4500 |
| 001 | 9.581437 |
| 003 | CaOODSP |
| 005 | 20210624191520 |
| 007 | cr ||||||||||| |
| 008 | 150406|2014||||xxc|||||o f|0| 0 eng|d |
| 040 | |aCaOODSP|beng |
| 043 | |an-cn--- |
| 086 | 1 |aPS73-1/2014-09-02E-PDF |
| 110 | 2 |aCanadian Security Intelligence Service. |
| 245 | 10|aPitfalls and promises - security implications of a post-revolutionary Middle East : |h[electronic resource]|bhighlights from the conference |
| 260 | |aOttawa - Ontario : |bCanadian Security Intelligence Service |cSeptember 2014. |
| 300 | |a118p.|breferences |
| 490 | 1 |aWorld watch|vSeries publication No. 2014-09-02 |
| 590 | |a15-05|b2015-01-30 |
| 775 | 08|tLes répercussions sécuritaires d'un Moyen-Orient post-révolutionnaire : |w(CaOODSP)9.608268 |
| 830 | #0|aWorld watch ;|vSeries publication No. 2014-09-02|w(CaOODSP)9.507689 |
| 856 | 40|ahttp://publications.gc.ca|qPDF|s1.77 MB|uhttps://publications.gc.ca/collections/collection_2015/scrs-csis/PS73-1-2014-09-02-eng.pdf|ySeries publication No. 2014-09-02 |